000 00423nam a2200157 a 4500
005 20140310183321.0
008 060302s19uu xx 00 eng d
020 _a0451144287
050 _aPS 3553
_b.C712 1986
100 _aCollins, Larry
245 _aFall from grace :
_ba novel /
_cLarry Collins.
260 _aNew York :
_bSignet Classic,
_c1986.
300 _a495 p. :
_c18 cm.
942 _cBK
_2lcc
999 _c21409
_d21409